Nopeaa matikkaa - vähennyslaskut - Statistics

Yleistilastot
  • Tätä visaa on pelattu 833 kertaa
  • Keskiarvotulos 19 / 20
Vastaustilastot
Lasku Vastaus % Oikein
3 - 2 1
100%
5 - 4 1
100%
6 - 5 1
100%
7 - 6 1
100%
8 - 7 1
100%
9 - 8 1
100%
12 - 11 1
100%
13 - 12 1
100%
19 - 18 1
100%
20 - 19 1
100%
23 - 22 1
100%
30 - 29 1
100%
31 - 30 1
100%
36 - 35 1
100%
38 - 37 1
100%
40 - 39 1
100%
42 - 41 1
100%
56 - 55 1
100%
59 - 58 1
100%
73 - 72 1
100%
74 - 73 1
100%
79 - 78 1
100%
81 - 80 1
100%
83 - 82 1
100%
89 - 88 1
100%
90 - 89 1
100%
94 - 93 1
100%
95 - 94 1
100%
13 - 3 10
100%
27 - 17 10
100%
31 - 21 10
100%
32 - 22 10
100%
36 - 26 10
100%
37 - 27 10
100%
38 - 28 10
100%
44 - 34 10
100%
45 - 35 10
100%
47 - 37 10
100%
50 - 40 10
100%
60 - 50 10
100%
89 - 79 10
100%
14 - 3 11
100%
15 - 4 11
100%
18 - 7 11
100%
19 - 8 11
100%
22 - 11 11
100%
23 - 12 11
100%
26 - 15 11
100%
29 - 18 11
100%
33 - 22 11
100%
43 - 32 11
100%
44 - 33 11
100%
52 - 41 11
100%
53 - 42 11
100%
54 - 43 11
100%
55 - 44 11
100%
56 - 45 11
100%
57 - 46 11
100%
69 - 58 11
100%
72 - 61 11
100%
76 - 65 11
100%
77 - 66 11
100%
79 - 68 11
100%
80 - 69 11
100%
96 - 85 11
100%
16 - 4 12
100%
17 - 5 12
100%
18 - 6 12
100%
20 - 8 12
100%
21 - 9 12
100%
29 - 17 12
100%
35 - 23 12
100%
37 - 25 12
100%
40 - 28 12
100%
44 - 32 12
100%
50 - 38 12
100%
51 - 39 12
100%
65 - 53 12
100%
73 - 61 12
100%
74 - 62 12
100%
75 - 63 12
100%
76 - 64 12
100%
77 - 65 12
100%
83 - 71 12
100%
84 - 72 12
100%
85 - 73 12
100%
87 - 75 12
100%
88 - 76 12
100%
98 - 86 12
100%
15 - 2 13
100%
16 - 3 13
100%
19 - 6 13
100%
23 - 10 13
100%
27 - 14 13
100%
28 - 15 13
100%
29 - 16 13
100%
32 - 19 13
100%
34 - 21 13
100%
35 - 22 13
100%
36 - 23 13
100%
38 - 25 13
100%
41 - 28 13
100%
45 - 32 13
100%
48 - 35 13
100%
52 - 39 13
100%
54 - 41 13
100%
58 - 45 13
100%
65 - 52 13
100%
68 - 55 13
100%
76 - 63 13
100%
78 - 65 13
100%
82 - 69 13
100%
88 - 75 13
100%
89 - 76 13
100%
92 - 79 13
100%
97 - 84 13
100%
17 - 3 14
100%
18 - 4 14
100%
19 - 5 14
100%
26 - 12 14
100%
32 - 18 14
100%
33 - 19 14
100%
37 - 23 14
100%
40 - 26 14
100%
48 - 34 14
100%
49 - 35 14
100%
52 - 38 14
100%
54 - 40 14
100%
60 - 46 14
100%
66 - 52 14
100%
67 - 53 14
100%
70 - 56 14
100%
77 - 63 14
100%
89 - 75 14
100%
94 - 80 14
100%
17 - 2 15
100%
18 - 3 15
100%
20 - 5 15
100%
22 - 7 15
100%
23 - 8 15
100%
25 - 10 15
100%
27 - 12 15
100%
30 - 15 15
100%
33 - 18 15
100%
39 - 24 15
100%
43 - 28 15
100%
44 - 29 15
100%
53 - 38 15
100%
72 - 57 15
100%
73 - 58 15
100%
84 - 69 15
100%
91 - 76 15
100%
94 - 79 15
100%
96 - 81 15
100%
98 - 83 15
100%
99 - 84 15
100%
100 - 85 15
100%
17 - 1 16
100%
21 - 5 16
100%
22 - 6 16
100%
24 - 8 16
100%
27 - 11 16
100%
37 - 21 16
100%
38 - 22 16
100%
44 - 28 16
100%
56 - 40 16
100%
57 - 41 16
100%
65 - 49 16
100%
71 - 55 16
100%
73 - 57 16
100%
74 - 58 16
100%
82 - 66 16
100%
86 - 70 16
100%
89 - 73 16
100%
100 - 84 16
100%
40 - 23 17
100%
41 - 24 17
100%
43 - 26 17
100%
47 - 30 17
100%
53 - 36 17
100%
54 - 37 17
100%
55 - 38 17
100%
56 - 39 17
100%
62 - 45 17
100%
67 - 50 17
100%
68 - 51 17
100%
75 - 58 17
100%
76 - 59 17
100%
77 - 60 17
100%
78 - 61 17
100%
82 - 65 17
100%
83 - 66 17
100%
94 - 77 17
100%
95 - 78 17
100%
19 - 1 18
100%
20 - 2 18
100%
23 - 5 18
100%
24 - 6 18
100%
26 - 8 18
100%
27 - 9 18
100%
28 - 10 18
100%
30 - 12 18
100%
32 - 14 18
100%
37 - 19 18
100%
41 - 23 18
100%
43 - 25 18
100%
48 - 30 18
100%
49 - 31 18
100%
50 - 32 18
100%
51 - 33 18
100%
60 - 42 18
100%
64 - 46 18
100%
69 - 51 18
100%
71 - 53 18
100%
76 - 58 18
100%
85 - 67 18
100%
88 - 70 18
100%
93 - 75 18
100%
22 - 3 19
100%
26 - 7 19
100%
29 - 10 19
100%
34 - 15 19
100%
35 - 16 19
100%
42 - 23 19
100%
43 - 24 19
100%
45 - 26 19
100%
55 - 36 19
100%
59 - 40 19
100%
66 - 47 19
100%
81 - 62 19
100%
83 - 64 19
100%
84 - 65 19
100%
89 - 70 19
100%
96 - 77 19
100%
98 - 79 19
100%
3 - 1 2
100%
4 - 2 2
100%
5 - 3 2
100%
6 - 4 2
100%
7 - 5 2
100%
8 - 6 2
100%
9 - 7 2
100%
10 - 8 2
100%
11 - 9 2
100%
13 - 11 2
100%
14 - 12 2
100%
15 - 13 2
100%
16 - 14 2
100%
17 - 15 2
100%
21 - 19 2
100%
22 - 20 2
100%
24 - 22 2
100%
25 - 23 2
100%
26 - 24 2
100%
27 - 25 2
100%
33 - 31 2
100%
40 - 38 2
100%
44 - 42 2
100%
45 - 43 2
100%
46 - 44 2
100%
47 - 45 2
100%
56 - 54 2
100%
65 - 63 2
100%
74 - 72 2
100%
80 - 78 2
100%
87 - 85 2
100%
93 - 91 2
100%
23 - 3 20
100%
24 - 4 20
100%
29 - 9 20
100%
30 - 10 20
100%
31 - 11 20
100%
34 - 14 20
100%
36 - 16 20
100%
37 - 17 20
100%
38 - 18 20
100%
46 - 26 20
100%
58 - 38 20
100%
61 - 41 20
100%
63 - 43 20
100%
68 - 48 20
100%
75 - 55 20
100%
79 - 59 20
100%
86 - 66 20
100%
91 - 71 20
100%
99 - 79 20
100%
27 - 6 21
100%
28 - 7 21
100%
34 - 13 21
100%
35 - 14 21
100%
37 - 16 21
100%
39 - 18 21
100%
41 - 20 21
100%
42 - 21 21
100%
44 - 23 21
100%
45 - 24 21
100%
49 - 28 21
100%
53 - 32 21
100%
55 - 34 21
100%
56 - 35 21
100%
57 - 36 21
100%
64 - 43 21
100%
76 - 55 21
100%
84 - 63 21
100%
88 - 67 21
100%
91 - 70 21
100%
25 - 3 22
100%
26 - 4 22
100%
29 - 7 22
100%
32 - 10 22
100%
36 - 14 22
100%
42 - 20 22
100%
43 - 21 22
100%
47 - 25 22
100%
52 - 30 22
100%
54 - 32 22
100%
55 - 33 22
100%
63 - 41 22
100%
66 - 44 22
100%
68 - 46 22
100%
74 - 52 22
100%
78 - 56 22
100%
81 - 59 22
100%
85 - 63 22
100%
90 - 68 22
100%
94 - 72 22
100%
26 - 3 23
100%
30 - 7 23
100%
31 - 8 23
100%
35 - 12 23
100%
37 - 14 23
100%
42 - 19 23
100%
44 - 21 23
100%
46 - 23 23
100%
51 - 28 23
100%
67 - 44 23
100%
69 - 46 23
100%
74 - 51 23
100%
79 - 56 23
100%
96 - 73 23
100%
28 - 4 24
100%
34 - 10 24
100%
37 - 13 24
100%
54 - 30 24
100%
58 - 34 24
100%
59 - 35 24
100%
60 - 36 24
100%
62 - 38 24
100%
65 - 41 24
100%
70 - 46 24
100%
74 - 50 24
100%
77 - 53 24
100%
86 - 62 24
100%
98 - 74 24
100%
99 - 75 24
100%
34 - 9 25
100%
36 - 11 25
100%
37 - 12 25
100%
38 - 13 25
100%
40 - 15 25
100%
47 - 22 25
100%
50 - 25 25
100%
51 - 26 25
100%
54 - 29 25
100%
55 - 30 25
100%
67 - 42 25
100%
80 - 55 25
100%
92 - 67 25
100%
34 - 8 26
100%
38 - 12 26
100%
54 - 28 26
100%
56 - 30 26
100%
62 - 36 26
100%
66 - 40 26
100%
73 - 47 26
100%
76 - 50 26
100%
80 - 54 26
100%
100 - 74 26
100%
28 - 1 27
100%
33 - 6 27
100%
38 - 11 27
100%
39 - 12 27
100%
43 - 16 27
100%
47 - 20 27
100%
48 - 21 27
100%
51 - 24 27
100%
58 - 31 27
100%
59 - 32 27
100%
61 - 34 27
100%
65 - 38 27
100%
70 - 43 27
100%
78 - 51 27
100%
79 - 52 27
100%
81 - 54 27
100%
89 - 62 27
100%
91 - 64 27
100%
94 - 67 27
100%
99 - 72 27
100%
29 - 1 28
100%
33 - 5 28
100%
34 - 6 28
100%
36 - 8 28
100%
37 - 9 28
100%
39 - 11 28
100%
40 - 12 28
100%
44 - 16 28
100%
45 - 17 28
100%
49 - 21 28
100%
63 - 35 28
100%
67 - 39 28
100%
71 - 43 28
100%
76 - 48 28
100%
88 - 60 28
100%
93 - 65 28
100%
30 - 1 29
100%
31 - 2 29
100%
33 - 4 29
100%
34 - 5 29
100%
35 - 6 29
100%
38 - 9 29
100%
41 - 12 29
100%
43 - 14 29
100%
46 - 17 29
100%
53 - 24 29
100%
54 - 25 29
100%
55 - 26 29
100%
58 - 29 29
100%
60 - 31 29
100%
61 - 32 29
100%
64 - 35 29
100%
68 - 39 29
100%
4 - 1 3
100%
5 - 2 3
100%
6 - 3 3
100%
7 - 4 3
100%
8 - 5 3
100%
9 - 6 3
100%
10 - 7 3
100%
15 - 12 3
100%
16 - 13 3
100%
18 - 15 3
100%
19 - 16 3
100%
27 - 24 3
100%
29 - 26 3
100%
41 - 38 3
100%
45 - 42 3
100%
58 - 55 3
100%
61 - 58 3
100%
69 - 66 3
100%
70 - 67 3
100%
74 - 71 3
100%
78 - 75 3
100%
79 - 76 3
100%
82 - 79 3
100%
94 - 91 3
100%
97 - 94 3
100%
99 - 96 3
100%
31 - 1 30
100%
32 - 2 30
100%
36 - 6 30
100%
39 - 9 30
100%
45 - 15 30
100%
52 - 22 30
100%
53 - 23 30
100%
56 - 26 30
100%
59 - 29 30
100%
65 - 35 30
100%
74 - 44 30
100%
78 - 48 30
100%
79 - 49 30
100%
81 - 51 30
100%
83 - 53 30
100%
87 - 57 30
100%
89 - 59 30
100%
92 - 62 30
100%
96 - 66 30
100%
36 - 5 31
100%
37 - 6 31
100%
38 - 7 31
100%
41 - 10 31
100%
46 - 15 31
100%
47 - 16 31
100%
49 - 18 31
100%
54 - 23 31
100%
59 - 28 31
100%
62 - 31 31
100%
69 - 38 31
100%
70 - 39 31
100%
73 - 42 31
100%
74 - 43 31
100%
80 - 49 31
100%
91 - 60 31
100%
94 - 63 31
100%
97 - 66 31
100%
34 - 2 32
100%
40 - 8 32
100%
44 - 12 32
100%
50 - 18 32
100%
51 - 19 32
100%
55 - 23 32
100%
65 - 33 32
100%
66 - 34 32
100%
68 - 36 32
100%
72 - 40 32
100%
77 - 45 32
100%
93 - 61 32
100%
99 - 67 32
100%
37 - 4 33
100%
38 - 5 33
100%
46 - 13 33
100%
49 - 16 33
100%
55 - 22 33
100%
58 - 25 33
100%
59 - 26 33
100%
60 - 27 33
100%
63 - 30 33
100%
67 - 34 33
100%
70 - 37 33
100%
77 - 44 33
100%
84 - 51 33
100%
86 - 53 33
100%
91 - 58 33
100%
92 - 59 33
100%
96 - 63 33
100%
97 - 64 33
100%
36 - 2 34
100%
38 - 4 34
100%
40 - 6 34
100%
43 - 9 34
100%
51 - 17 34
100%
62 - 28 34
100%
64 - 30 34
100%
77 - 43 34
100%
85 - 51 34
100%
87 - 53 34
100%
88 - 54 34
100%
89 - 55 34
100%
93 - 59 34
100%
36 - 1 35
100%
40 - 5 35
100%
44 - 9 35
100%
45 - 10 35
100%
48 - 13 35
100%
49 - 14 35
100%
52 - 17 35
100%
53 - 18 35
100%
54 - 19 35
100%
69 - 34 35
100%
78 - 43 35
100%
82 - 47 35
100%
83 - 48 35
100%
92 - 57 35
100%
93 - 58 35
100%
98 - 63 35
100%
40 - 4 36
100%
42 - 6 36
100%
44 - 8 36
100%
57 - 21 36
100%
65 - 29 36
100%
80 - 44 36
100%
81 - 45 36
100%
84 - 48 36
100%
86 - 50 36
100%
90 - 54 36
100%
95 - 59 36
100%
98 - 62 36
100%
39 - 2 37
100%
41 - 4 37
100%
43 - 6 37
100%
47 - 10 37
100%
49 - 12 37
100%
50 - 13 37
100%
65 - 28 37
100%
66 - 29 37
100%
69 - 32 37
100%
73 - 36 37
100%
76 - 39 37
100%
79 - 42 37
100%
85 - 48 37
100%
90 - 53 37
100%
93 - 56 37
100%
99 - 62 37
100%
43 - 5 38
100%
44 - 6 38
100%
45 - 7 38
100%
46 - 8 38
100%
49 - 11 38
100%
54 - 16 38
100%
58 - 20 38
100%
59 - 21 38
100%
61 - 23 38
100%
66 - 28 38
100%
67 - 29 38
100%
71 - 33 38
100%
79 - 41 38
100%
91 - 53 38
100%
94 - 56 38
100%
100 - 62 38
100%
40 - 1 39
100%
43 - 4 39
100%
45 - 6 39
100%
48 - 9 39
100%
52 - 13 39
100%
53 - 14 39
100%
66 - 27 39
100%
78 - 39 39
100%
82 - 43 39
100%
87 - 48 39
100%
99 - 60 39
100%
5 - 1 4
100%
6 - 2 4
100%
7 - 3 4
100%
9 - 5 4
100%
11 - 7 4
100%
12 - 8 4
100%
13 - 9 4
100%
14 - 10 4
100%
19 - 15 4
100%
23 - 19 4
100%
25 - 21 4
100%
26 - 22 4
100%
28 - 24 4
100%
32 - 28 4
100%
33 - 29 4
100%
37 - 33 4
100%
38 - 34 4
100%
42 - 38 4
100%
43 - 39 4
100%
48 - 44 4
100%
49 - 45 4
100%
51 - 47 4
100%
66 - 62 4
100%
68 - 64 4
100%
70 - 66 4
100%
76 - 72 4
100%
77 - 73 4
100%
83 - 79 4
100%
86 - 82 4
100%
91 - 87 4
100%
100 - 96 4
100%
44 - 4 40
100%
47 - 7 40
100%
48 - 8 40
100%
51 - 11 40
100%
57 - 17 40
100%
65 - 25 40
100%
67 - 27 40
100%
70 - 30 40
100%
71 - 31 40
100%
73 - 33 40
100%
92 - 52 40
100%
97 - 57 40
100%
98 - 58 40
100%
99 - 59 40
100%
42 - 1 41
100%
43 - 2 41
100%
45 - 4 41
100%
46 - 5 41
100%
47 - 6 41
100%
49 - 8 41
100%
53 - 12 41
100%
69 - 28 41
100%
70 - 29 41
100%
85 - 44 41
100%
90 - 49 41
100%
95 - 54 41
100%
100 - 59 41
100%
46 - 4 42
100%
54 - 12 42
100%
62 - 20 42
100%
66 - 24 42
100%
76 - 34 42
100%
83 - 41 42
100%
87 - 45 42
100%
88 - 46 42
100%
91 - 49 42
100%
93 - 51 42
100%
44 - 1 43
100%
48 - 5 43
100%
60 - 17 43
100%
61 - 18 43
100%
65 - 22 43
100%
75 - 32 43
100%
88 - 45 43
100%
93 - 50 43
100%
95 - 52 43
100%
97 - 54 43
100%
100 - 57 43
100%
46 - 2 44
100%
47 - 3 44
100%
49 - 5 44
100%
50 - 6 44
100%
51 - 7 44
100%
53 - 9 44
100%
54 - 10 44
100%
68 - 24 44
100%
77 - 33 44
100%
81 - 37 44
100%
82 - 38 44
100%
85 - 41 44
100%
99 - 55 44
100%
46 - 1 45
100%
48 - 3 45
100%
54 - 9 45
100%
55 - 10 45
100%
60 - 15 45
100%
69 - 24 45
100%
71 - 26 45
100%
76 - 31 45
100%
86 - 41 45
100%
88 - 43 45
100%
94 - 49 45
100%
95 - 50 45
100%
96 - 51 45
100%
98 - 53 45
100%
49 - 3 46
100%
51 - 5 46
100%
59 - 13 46
100%
66 - 20 46
100%
91 - 45 46
100%
96 - 50 46
100%
97 - 51 46
100%
56 - 9 47
100%
63 - 16 47
100%
64 - 17 47
100%
68 - 21 47
100%
75 - 28 47
100%
77 - 30 47
100%
81 - 34 47
100%
90 - 43 47
100%
49 - 1 48
100%
53 - 5 48
100%
65 - 17 48
100%
69 - 21 48
100%
70 - 22 48
100%
77 - 29 48
100%
83 - 35 48
100%
99 - 51 48
100%
57 - 8 49
100%
58 - 9 49
100%
60 - 11 49
100%
61 - 12 49
100%
62 - 13 49
100%
70 - 21 49
100%
71 - 22 49
100%
72 - 23 49
100%
82 - 33 49
100%
96 - 47 49
100%
100 - 51 49
100%
6 - 1 5
100%
7 - 2 5
100%
10 - 5 5
100%
11 - 6 5
100%
12 - 7 5
100%
13 - 8 5
100%
14 - 9 5
100%
15 - 10 5
100%
16 - 11 5
100%
17 - 12 5
100%
18 - 13 5
100%
23 - 18 5
100%
24 - 19 5
100%
25 - 20 5
100%
35 - 30 5
100%
36 - 31 5
100%
38 - 33 5
100%
40 - 35 5
100%
44 - 39 5
100%
45 - 40 5
100%
46 - 41 5
100%
47 - 42 5
100%
49 - 44 5
100%
52 - 47 5
100%
54 - 49 5
100%
58 - 53 5
100%
70 - 65 5
100%
73 - 68 5
100%
75 - 70 5
100%
80 - 75 5
100%
84 - 79 5
100%
85 - 80 5
100%
89 - 84 5
100%
90 - 85 5
100%
91 - 86 5
100%
54 - 4 50
100%
56 - 6 50
100%
59 - 9 50
100%
74 - 24 50
100%
79 - 29 50
100%
80 - 30 50
100%
87 - 37 50
100%
89 - 39 50
100%
93 - 43 50
100%
94 - 44 50
100%
97 - 47 50
100%
99 - 49 50
100%
54 - 3 51
100%
55 - 4 51
100%
71 - 20 51
100%
72 - 21 51
100%
73 - 22 51
100%
75 - 24 51
100%
79 - 28 51
100%
83 - 32 51
100%
84 - 33 51
100%
85 - 34 51
100%
89 - 38 51
100%
91 - 40 51
100%
62 - 10 52
100%
63 - 11 52
100%
68 - 16 52
100%
84 - 32 52
100%
86 - 34 52
100%
90 - 38 52
100%
100 - 48 52
100%
57 - 4 53
100%
58 - 5 53
100%
59 - 6 53
100%
61 - 8 53
100%
62 - 9 53
100%
68 - 15 53
100%
74 - 21 53
100%
77 - 24 53
100%
80 - 27 53
100%
98 - 45 53
100%
60 - 6 54
100%
61 - 7 54
100%
83 - 29 54
100%
88 - 34 54
100%
94 - 40 54
100%
100 - 46 54
100%
60 - 5 55
100%
62 - 7 55
100%
63 - 8 55
100%
66 - 11 55
100%
78 - 23 55
100%
89 - 34 55
100%
96 - 41 55
100%
57 - 1 56
100%
61 - 5 56
100%
67 - 11 56
100%
72 - 16 56
100%
83 - 27 56
100%
89 - 33 56
100%
90 - 34 56
100%
91 - 35 56
100%
97 - 41 56
100%
98 - 42 56
100%
65 - 8 57
100%
68 - 11 57
100%
71 - 14 57
100%
73 - 16 57
100%
81 - 24 57
100%
87 - 30 57
100%
98 - 41 57
100%
63 - 5 58
100%
70 - 12 58
100%
79 - 21 58
100%
81 - 23 58
100%
82 - 24 58
100%
88 - 30 58
100%
100 - 42 58
100%
67 - 8 59
100%
69 - 10 59
100%
71 - 12 59
100%
72 - 13 59
100%
82 - 23 59
100%
89 - 30 59
100%
90 - 31 59
100%
95 - 36 59
100%
96 - 37 59
100%
99 - 40 59
100%
100 - 41 59
100%
8 - 2 6
100%
10 - 4 6
100%
11 - 5 6
100%
12 - 6 6
100%
13 - 7 6
100%
17 - 11 6
100%
19 - 13 6
100%
21 - 15 6
100%
27 - 21 6
100%
32 - 26 6
100%
34 - 28 6
100%
41 - 35 6
100%
45 - 39 6
100%
47 - 41 6
100%
55 - 49 6
100%
59 - 53 6
100%
62 - 56 6
100%
64 - 58 6
100%
71 - 65 6
100%
72 - 66 6
100%
76 - 70 6
100%
93 - 87 6
100%
96 - 90 6
100%
62 - 2 60
100%
63 - 3 60
100%
83 - 23 60
100%
84 - 24 60
100%
91 - 31 60
100%
94 - 34 60
100%
68 - 7 61
100%
69 - 8 61
100%
75 - 14 61
100%
88 - 27 61
100%
90 - 29 61
100%
93 - 32 61
100%
97 - 36 61
100%
71 - 9 62
100%
78 - 16 62
100%
84 - 22 62
100%
85 - 23 62
100%
87 - 25 62
100%
90 - 28 62
100%
98 - 36 62
100%
64 - 1 63
100%
65 - 2 63
100%
67 - 4 63
100%
68 - 5 63
100%
70 - 7 63
100%
71 - 8 63
100%
73 - 10 63
100%
79 - 16 63
100%
80 - 17 63
100%
81 - 18 63
100%
94 - 31 63
100%
96 - 33 63
100%
100 - 37 63
100%
69 - 5 64
100%
82 - 18 64
100%
84 - 20 64
100%
86 - 22 64
100%
93 - 29 64
100%
67 - 2 65
100%
85 - 20 65
100%
88 - 23 65
100%
89 - 24 65
100%
90 - 25 65
100%
95 - 30 65
100%
67 - 1 66
100%
71 - 5 66
100%
77 - 11 66
100%
86 - 20 66
100%
78 - 11 67
100%
81 - 14 67
100%
87 - 20 67
100%
71 - 3 68
100%
72 - 4 68
100%
73 - 5 68
100%
79 - 11 68
100%
88 - 20 68
100%
94 - 26 68
100%
96 - 28 68
100%
99 - 31 68
100%
73 - 4 69
100%
78 - 9 69
100%
82 - 13 69
100%
93 - 24 69
100%
97 - 28 69
100%
98 - 29 69
100%
9 - 2 7
100%
12 - 5 7
100%
13 - 6 7
100%
14 - 7 7
100%
16 - 9 7
100%
17 - 10 7
100%
18 - 11 7
100%
26 - 19 7
100%
31 - 24 7
100%
37 - 30 7
100%
42 - 35 7
100%
43 - 36 7
100%
45 - 38 7
100%
47 - 40 7
100%
48 - 41 7
100%
52 - 45 7
100%
57 - 50 7
100%
61 - 54 7
100%
65 - 58 7
100%
67 - 60 7
100%
79 - 72 7
100%
94 - 87 7
100%
95 - 88 7
100%
96 - 89 7
100%
100 - 93 7
100%
83 - 13 70
100%
84 - 14 70
100%
86 - 16 70
100%
90 - 20 70
100%
97 - 27 70
100%
72 - 1 71
100%
73 - 2 71
100%
77 - 6 71
100%
87 - 16 71
100%
99 - 28 71
100%
100 - 29 71
100%
73 - 1 72
100%
79 - 7 72
100%
81 - 9 72
100%
82 - 10 72
100%
83 - 11 72
100%
85 - 13 72
100%
91 - 19 72
100%
81 - 8 73
100%
95 - 22 73
100%
98 - 25 73
100%
84 - 10 74
100%
87 - 13 74
100%
89 - 15 74
100%
77 - 2 75
100%
80 - 5 75
100%
85 - 10 75
100%
86 - 11 75
100%
90 - 15 75
100%
99 - 24 75
100%
100 - 24 76
100%
81 - 4 77
100%
87 - 10 77
100%
88 - 11 77
100%
91 - 14 77
100%
93 - 16 77
100%
97 - 20 77
100%
81 - 3 78
100%
82 - 4 78
100%
83 - 5 78
100%
84 - 6 78
100%
86 - 8 78
100%
87 - 9 78
100%
88 - 10 78
100%
89 - 11 78
100%
93 - 15 78
100%
95 - 17 78
100%
97 - 19 78
100%
98 - 20 78
100%
80 - 1 79
100%
81 - 2 79
100%
87 - 8 79
100%
91 - 12 79
100%
95 - 16 79
100%
96 - 17 79
100%
99 - 20 79
100%
10 - 2 8
100%
13 - 5 8
100%
15 - 7 8
100%
19 - 11 8
100%
22 - 14 8
100%
24 - 16 8
100%
35 - 27 8
100%
38 - 30 8
100%
40 - 32 8
100%
42 - 34 8
100%
44 - 36 8
100%
45 - 37 8
100%
48 - 40 8
100%
53 - 45 8
100%
58 - 50 8
100%
76 - 68 8
100%
78 - 70 8
100%
87 - 79 8
100%
93 - 85 8
100%
97 - 89 8
100%
98 - 90 8
100%
99 - 91 8
100%
84 - 4 80
100%
85 - 5 80
100%
86 - 6 80
100%
89 - 9 80
100%
96 - 16 80
100%
100 - 20 80
100%
100 - 19 81
100%
83 - 1 82
100%
94 - 12 82
100%
98 - 16 82
100%
100 - 18 82
100%
90 - 7 83
100%
98 - 15 83
100%
94 - 10 84
100%
90 - 5 85
100%
91 - 6 85
100%
93 - 8 85
100%
99 - 14 85
100%
92 - 6 86
100%
96 - 10 86
100%
99 - 13 86
100%
93 - 6 87
100%
95 - 8 87
100%
98 - 10 88
100%
92 - 3 89
100%
94 - 5 89
100%
95 - 6 89
100%
99 - 10 89
100%
12 - 3 9
100%
13 - 4 9
100%
16 - 7 9
100%
17 - 8 9
100%
18 - 9 9
100%
24 - 15 9
100%
26 - 17 9
100%
28 - 19 9
100%
30 - 21 9
100%
31 - 22 9
100%
33 - 24 9
100%
34 - 25 9
100%
35 - 26 9
100%
38 - 29 9
100%
41 - 32 9
100%
45 - 36 9
100%
46 - 37 9
100%
49 - 40 9
100%
68 - 59 9
100%
70 - 61 9
100%
72 - 63 9
100%
73 - 64 9
100%
75 - 66 9
100%
76 - 67 9
100%
82 - 73 9
100%
83 - 74 9
100%
85 - 76 9
100%
92 - 83 9
100%
100 - 91 9
100%
92 - 1 91
100%
96 - 5 91
100%
97 - 6 91
100%
94 - 2 92
100%
95 - 3 92
100%
97 - 5 92
100%
96 - 3 93
100%
98 - 5 93
100%
99 - 5 94
100%
100 - 5 95
100%
99 - 1 98
100%
100 - 1 99
100%
69 - 43 26
94%
55 - 24 31
94%
50 - 49 1
93%
76 - 33 43
93%
74 - 22 52
93%
63 - 2 61
93%
42 - 31 11
92%
34 - 22 12
92%
62 - 48 14
92%
53 - 51 2
92%
43 - 17 26
92%
87 - 61 26
92%
57 - 54 3
92%
96 - 93 3
92%
76 - 44 32
92%
59 - 16 43
92%
57 - 13 44
92%
99 - 53 46
92%
92 - 43 49
92%
92 - 40 52
92%
85 - 30 55
92%
73 - 17 56
92%
78 - 21 57
92%
75 - 13 62
92%
80 - 13 67
92%
90 - 82 8
92%
67 - 66 1
91%
76 - 66 10
91%
83 - 73 10
91%
32 - 30 2
91%
46 - 22 24
91%
64 - 39 25
91%
90 - 87 3
91%
40 - 9 31
91%
74 - 40 34
91%
71 - 36 35
91%
72 - 25 47
91%
85 - 36 49
91%
69 - 16 53
91%
77 - 21 56
91%
62 - 5 57
91%
85 - 26 59
91%
46 - 40 6
91%
76 - 15 61
91%
83 - 17 66
91%
72 - 3 69
91%
68 - 61 7
91%
92 - 13 79
91%
62 - 53 9
91%
41 - 31 10
90%
82 - 71 11
90%
43 - 31 12
90%
22 - 9 13
90%
53 - 39 14
90%
75 - 57 18
90%
35 - 33 2
90%
63 - 61 2
90%
82 - 60 22
90%
40 - 17 23
90%
53 - 50 3
90%
60 - 57 3
90%
39 - 8 31
90%
82 - 51 31
90%
35 - 3 32
90%
46 - 12 34
90%
56 - 19 37
90%
85 - 46 39
90%
52 - 9 43
90%
90 - 47 43
90%
90 - 42 48
90%
55 - 6 49
90%
22 - 17 5
90%
76 - 26 50
90%
78 - 28 50
90%
88 - 38 50
90%
75 - 19 56
90%
88 - 32 56
90%
92 - 34 58
90%
48 - 42 6
90%
95 - 89 6
90%
93 - 33 60
90%
77 - 10 67
90%
95 - 27 68
90%
39 - 32 7
90%
97 - 24 73
90%
83 - 7 76
90%
90 - 11 79
90%
51 - 43 8
90%
67 - 59 8
90%
95 - 87 8
90%
89 - 4 85
90%
89 - 1 88
90%
14 - 5 9
90%
84 - 75 9
90%
99 - 9 90
90%
99 - 98 1
89%
52 - 42 10
89%
93 - 83 10
89%
81 - 70 11
89%
39 - 27 12
89%
61 - 49 12
89%
58 - 42 16
89%
98 - 81 17
89%
25 - 7 18
89%
32 - 13 19
89%
38 - 19 19
89%
44 - 25 19
89%
72 - 53 19
89%
12 - 10 2
89%
92 - 90 2
89%
33 - 13 20
89%
40 - 20 20
89%
82 - 62 20
89%
32 - 11 21
89%
97 - 76 21
89%
35 - 13 22
89%
71 - 48 23
89%
29 - 5 24
89%
89 - 65 24
89%
97 - 73 24
89%
82 - 57 25
89%
31 - 5 26
89%
85 - 58 27
89%
86 - 58 28
89%
90 - 62 28
89%
33 - 30 3
89%
42 - 12 30
89%
75 - 42 33
89%
55 - 21 34
89%
68 - 34 34
89%
42 - 3 39
89%
81 - 41 40
89%
56 - 14 42
89%
92 - 49 43
89%
74 - 30 44
89%
62 - 16 46
89%
63 - 17 46
89%
100 - 54 46
89%
60 - 13 47
89%
84 - 37 47
89%
52 - 4 48
89%
79 - 31 48
89%
86 - 37 49
89%
98 - 48 50
89%
64 - 12 52
89%
58 - 1 57
89%
73 - 15 58
89%
89 - 31 58
89%
39 - 33 6
89%
80 - 20 60
89%
88 - 25 63
89%
74 - 9 65
89%
92 - 26 66
89%
76 - 9 67
89%
83 - 15 68
89%
62 - 55 7
89%
86 - 15 71
89%
25 - 17 8
89%
60 - 52 8
89%
92 - 8 84
89%
25 - 16 9
89%
74 - 65 9
89%
27 - 26 1
88%
48 - 38 10
88%
57 - 47 10
88%
28 - 16 12
88%
99 - 87 12
88%
42 - 28 14
88%
64 - 50 14
88%
87 - 72 15
88%
49 - 33 16
88%
51 - 35 16
88%
61 - 45 16
88%
31 - 14 17
88%
32 - 15 17
88%
85 - 68 17
88%
86 - 68 18
88%
95 - 76 19
88%
59 - 57 2
88%
85 - 83 2
88%
25 - 5 20
88%
60 - 39 21
88%
87 - 66 21
88%
67 - 45 22
88%
88 - 65 23
88%
69 - 45 24
88%
87 - 62 25
88%
30 - 4 26
88%
98 - 70 28
88%
42 - 13 29
88%
50 - 21 29
88%
82 - 53 29
88%
20 - 17 3
88%
43 - 12 31
88%
47 - 13 34
88%
92 - 58 34
88%
63 - 28 35
88%
86 - 51 35
88%
60 - 23 37
88%
41 - 3 38
88%
71 - 67 4
88%
63 - 22 41
88%
75 - 33 42
88%
80 - 38 42
88%
86 - 42 44
88%
66 - 17 49
88%
87 - 82 5
88%
92 - 87 5
88%
67 - 17 50
88%
66 - 13 53
88%
94 - 39 55
88%
9 - 3 6
88%
82 - 76 6
88%
76 - 16 60
88%
77 - 16 61
88%
72 - 9 63
88%
68 - 4 64
88%
91 - 27 64
88%
100 - 32 68
88%
15 - 8 7
88%
30 - 23 7
88%
71 - 64 7
88%
80 - 9 71
88%
78 - 5 73
88%
94 - 18 76
88%
94 - 15 79
88%
29 - 21 8
88%
50 - 42 8
88%
74 - 66 8
88%
96 - 12 84
88%
27 - 18 9
88%
81 - 72 9
88%
100 - 10 90
88%
97 - 4 93
88%
79 - 63 16
87%
28 - 27 1
86%
48 - 47 1
86%
64 - 63 1
86%
24 - 13 11
86%
30 - 19 11
86%
46 - 34 12
86%
90 - 78 12
86%
81 - 68 13
86%
86 - 73 13
86%
65 - 50 15
86%
47 - 31 16
86%
80 - 63 17
86%
33 - 15 18
86%
39 - 21 18
86%
46 - 27 19
86%
41 - 21 20
86%
62 - 42 20
86%
84 - 64 20
86%
41 - 19 22
86%
48 - 24 24
86%
83 - 59 24
86%
33 - 8 25
86%
41 - 16 25
86%
84 - 59 25
86%
86 - 61 25
86%
75 - 47 28
86%
48 - 18 30
86%
90 - 59 31
86%
100 - 69 31
86%
57 - 25 32
86%
79 - 47 32
86%
72 - 39 33
86%
73 - 40 33
86%
85 - 52 33
86%
98 - 65 33
86%
46 - 11 35
86%
60 - 25 35
86%
96 - 61 35
86%
63 - 26 37
86%
72 - 34 38
86%
89 - 51 38
86%
84 - 45 39
86%
86 - 47 39
86%
81 - 77 4
86%
98 - 94 4
86%
80 - 39 41
86%
55 - 12 43
86%
64 - 21 43
86%
58 - 14 44
86%
83 - 37 46
86%
93 - 47 46
86%
74 - 26 48
86%
8 - 3 5
86%
65 - 13 52
86%
71 - 18 53
86%
84 - 31 53
86%
64 - 10 54
86%
69 - 15 54
86%
59 - 4 55
86%
80 - 24 56
86%
74 - 15 59
86%
83 - 24 59
86%
70 - 6 64
86%
97 - 31 66
86%
76 - 8 68
86%
84 - 15 69
86%
91 - 84 7
86%
74 - 4 70
86%
85 - 15 70
86%
80 - 7 73
86%
93 - 20 73
86%
80 - 3 77
86%
84 - 7 77
86%
69 - 61 8
86%
88 - 6 82
86%
44 - 15 29
85%
29 - 24 5
85%
76 - 6 70
85%
94 - 21 73
85%
4 - 3 1
83%
39 - 38 1
83%
49 - 48 1
83%
19 - 9 10
83%
39 - 29 10
83%
63 - 52 11
83%
41 - 29 12
83%
91 - 79 12
83%
46 - 30 16
83%
80 - 64 16
83%
21 - 3 18
83%
77 - 58 19
83%
45 - 25 20
83%
52 - 31 21
83%
59 - 37 22
83%
83 - 61 22
83%
27 - 4 23
83%
39 - 16 23
83%
47 - 24 23
83%
49 - 26 23
83%
75 - 51 24
83%
90 - 66 24
83%
95 - 71 24
83%
29 - 4 25
83%
32 - 7 25
83%
43 - 18 25
83%
35 - 9 26
83%
41 - 15 26
83%
47 - 21 26
83%
93 - 66 27
83%
32 - 4 28
83%
96 - 68 28
83%
17 - 14 3
83%
71 - 41 30
83%
99 - 69 30
83%
57 - 26 31
83%
42 - 9 33
83%
48 - 15 33
83%
61 - 28 33
83%
81 - 48 33
83%
88 - 55 33
83%
41 - 7 34
83%
94 - 58 36
83%
51 - 14 37
83%
75 - 38 37
83%
42 - 4 38
83%
48 - 10 38
83%
55 - 17 38
83%
60 - 22 38
83%
64 - 26 38
83%
70 - 32 38
83%
41 - 2 39
83%
68 - 29 39
83%
77 - 38 39
83%
30 - 26 4
83%
36 - 32 4
83%
88 - 84 4
83%
85 - 45 40
83%
68 - 27 41
83%
77 - 36 41
83%
89 - 48 41
83%
73 - 30 43
83%
67 - 23 44
83%
52 - 7 45
83%
89 - 44 45
83%
73 - 27 46
83%
81 - 30 51
83%
79 - 27 52
83%
87 - 35 52
83%
78 - 25 53
83%
67 - 13 54
83%
76 - 21 55
83%
81 - 26 55
83%
99 - 44 55
83%
82 - 26 56
83%
22 - 16 6
83%
49 - 43 6
83%
66 - 6 60
83%
75 - 15 60
83%
76 - 14 62
83%
86 - 24 62
83%
95 - 31 64
83%
98 - 34 64
83%
75 - 10 65
83%
56 - 49 7
83%
89 - 19 70
83%
98 - 28 70
83%
88 - 16 72
83%
79 - 6 73
83%
88 - 13 75
83%
96 - 21 75
83%
11 - 3 8
83%
27 - 19 8
83%
43 - 35 8
83%
93 - 10 83
83%
91 - 7 84
83%
88 - 2 86
83%
37 - 28 9
83%
44 - 35 9
83%
54 - 45 9
83%
61 - 47 14
82%
58 - 19 39
82%
52 - 48 4
82%
94 - 52 42
82%
83 - 31 52
82%
95 - 39 56
82%
18 - 17 1
80%
26 - 25 1
80%
43 - 42 1
80%
45 - 44 1
80%
54 - 53 1
80%
94 - 83 11
80%
25 - 13 12
80%
30 - 18 12
80%
31 - 18 13
80%
46 - 33 13
80%
36 - 20 16
80%
69 - 53 16
80%
74 - 57 17
80%
45 - 27 18
80%
47 - 29 18
80%
52 - 34 18
80%
66 - 48 18
80%
80 - 62 18
80%
87 - 69 18
80%
92 - 74 18
80%
47 - 27 20
80%
65 - 45 20
80%
92 - 72 20
80%
85 - 64 21
80%
33 - 11 22
80%
38 - 16 22
80%
45 - 20 25
80%
52 - 27 25
80%
57 - 31 26
80%
63 - 37 26
80%
82 - 55 27
80%
77 - 49 28
80%
83 - 55 28
80%
97 - 69 28
80%
72 - 43 29
80%
37 - 34 3
80%
95 - 64 31
80%
35 - 2 33
80%
45 - 11 34
80%
47 - 12 35
80%
64 - 29 35
80%
77 - 42 35
80%
94 - 59 35
80%
84 - 47 37
80%
31 - 27 4
80%
75 - 34 41
80%
72 - 30 42
80%
67 - 22 45
80%
83 - 38 45
80%
65 - 18 47
80%
67 - 19 48
80%
9 - 4 5
80%
21 - 16 5
80%
95 - 44 51
80%
58 - 6 52
80%
89 - 37 52
80%
84 - 26 58
80%
64 - 5 59
80%
33 - 27 6
80%
50 - 44 6
80%
60 - 54 6
80%
83 - 77 6
80%
65 - 4 61
80%
67 - 3 64
80%
87 - 23 64
80%
99 - 35 64
80%
83 - 18 65
80%
92 - 23 69
80%
21 - 14 7
80%
80 - 73 7
80%
92 - 18 74
80%
92 - 17 75
80%
49 - 41 8
80%
87 - 3 84
80%
95 - 9 86
80%
98 - 12 86
80%
21 - 12 9
80%
66 - 57 9
80%
48 - 36 12
78%
49 - 37 12
78%
60 - 45 15
78%
93 - 78 15
78%
49 - 32 17
78%
97 - 79 18
78%
99 - 74 25
78%
46 - 19 27
78%
36 - 7 29
78%
74 - 35 39
78%
96 - 56 40
78%
78 - 37 41
78%
92 - 35 57
78%
32 - 25 7
78%
36 - 28 8
78%
91 - 90 1
75%
17 - 7 10
75%
65 - 55 10
75%
87 - 77 10
75%
16 - 5 11
75%
34 - 23 11
75%
38 - 26 12
75%
95 - 83 12
75%
50 - 37 13
75%
79 - 66 13
75%
96 - 82 14
75%
28 - 13 15
75%
31 - 16 15
75%
41 - 26 15
75%
45 - 30 15
75%
90 - 75 15
75%
19 - 3 16
75%
29 - 13 16
75%
35 - 19 16
75%
59 - 43 16
75%
83 - 67 16
75%
18 - 1 17
75%
42 - 25 17
75%
36 - 18 18
75%
65 - 46 19
75%
61 - 38 23
75%
72 - 48 24
75%
58 - 33 25
75%
44 - 18 26
75%
67 - 41 26
75%
66 - 39 27
75%
95 - 67 28
75%
39 - 36 3
75%
67 - 64 3
75%
47 - 17 30
75%
100 - 68 32
75%
56 - 22 34
75%
46 - 10 36
75%
88 - 51 37
75%
97 - 60 37
75%
68 - 30 38
75%
8 - 4 4
75%
55 - 51 4
75%
44 - 3 41
75%
50 - 9 41
75%
52 - 10 42
75%
79 - 36 43
75%
84 - 41 43
75%
53 - 7 46
75%
78 - 32 46
75%
79 - 33 46
75%
80 - 34 46
75%
87 - 40 47
75%
92 - 44 48
75%
73 - 24 49
75%
87 - 38 49
75%
83 - 30 53
75%
96 - 42 54
75%
63 - 7 56
75%
59 - 1 58
75%
20 - 14 6
75%
89 - 28 61
75%
74 - 11 63
75%
99 - 34 65
75%
75 - 8 67
75%
91 - 23 68
75%
88 - 81 7
75%
96 - 26 70
75%
82 - 8 74
75%
97 - 13 84
75%
15 - 6 9
75%
96 - 94 2
73%
53 - 29 24
73%
69 - 57 12
71%
21 - 7 14
71%
90 - 73 17
71%
73 - 54 19
71%
56 - 36 20
71%
74 - 48 26
71%
93 - 62 31
71%
72 - 37 35
71%
86 - 46 40
71%
82 - 34 48
71%
70 - 19 51
71%
70 - 17 53
71%
92 - 29 63
71%
75 - 6 69
71%
97 - 18 79
71%
95 - 11 84
71%
54 - 39 15
70%
49 - 24 25
70%
51 - 6 45
70%
82 - 31 51
70%
97 - 26 71
70%
84 - 55 29
69%
55 - 54 1
67%
42 - 32 10
67%
59 - 48 11
67%
64 - 53 11
67%
100 - 89 11
67%
67 - 55 12
67%
71 - 59 12
67%
24 - 10 14
67%
63 - 48 15
67%
48 - 31 17
67%
46 - 28 18
67%
70 - 51 19
67%
64 - 44 20
67%
100 - 79 21
67%
37 - 15 22
67%
45 - 23 22
67%
50 - 28 22
67%
39 - 14 25
67%
42 - 16 26
67%
34 - 31 3
67%
51 - 48 3
67%
62 - 59 3
67%
100 - 67 33
67%
39 - 5 34
67%
48 - 14 34
67%
52 - 14 38
67%
62 - 23 39
67%
81 - 35 46
67%
93 - 38 55
67%
98 - 32 66
67%
83 - 14 69
67%
63 - 56 7
67%
91 - 21 70
67%
92 - 14 78
67%
86 - 78 8
67%
99 - 17 82
67%
100 - 14 86
67%
97 - 8 89
67%
79 - 25 54
63%
74 - 19 55
63%
25 - 15 10
60%
48 - 27 21
60%
91 - 69 22
60%
88 - 61 27
60%
83 - 44 39
60%
70 - 27 43
60%
61 - 17 44
60%
20 - 15 5
60%
86 - 29 57
60%
95 - 32 63
60%
23 - 15 8
60%
97 - 39 58
57%
47 - 34 13
50%
26 - 11 15
50%
26 - 10 16
50%
34 - 18 16
50%
84 - 67 17
50%
31 - 9 22
50%
93 - 71 22
50%
73 - 49 24
50%
36 - 10 26
50%
85 - 54 31
50%
45 - 12 33
50%
95 - 48 47
50%
97 - 46 51
50%
28 - 21 7
50%
77 - 68 9
50%
81 - 63 18
43%
68 - 41 27
43%
80 - 58 22
40%
20 - 11 9
40%
65 - 20 45
33%
40 - 29 11
0%
55 - 39 16
0%
42 - 17 25
0%
72 - 69 3
0%
Ehtoja vastaavia visoja ei löytynyt
Tulosjakauma
Jokaisen tuloksen saaneiden osuus
Persentiili vastausten määrän mukaan
Tuloshistoriasi
Et ole pelannut tätä visaa